| 000 | 00359nam a2200157Ia 4500 | ||
|---|---|---|---|
| 008 | 230312s9999||||xx |||||||||||||| ||und|| | ||
| 020 | _a1840468424 | ||
| 082 |
_a509.2 _bRAN-I |
||
| 100 | _awilliam Rankin | ||
| 245 | 0 | _aIntroducing Newton | |
| 260 |
_bIcon book _aUK _c1993 |
||
| 300 | _a175 | ||
| 546 | _aEng. | ||
| 650 |
_aManagement _vNewton |
||
| 942 | _cBK | ||
| 999 |
_c2032 _d2032 |
||